Coaching, mentoring and organizational consultancy : (Record no. 598921)

000 -LEADER
fixed length control field 00357nam a2200121Ia 4500
008 - FIXED-LENGTH DATA ELEMENTS--GENERAL INFORMATION
fixed length control field 230907s9999||||xx |||||||||||||| ||und||
082 ## - DEWEY DECIMAL CLASSIFICATION NUMBER
Classification number 658.3124
Author Mark HAW
100 ## - MAIN ENTRY--PERSONAL NAME
Personal name Hawkins, Peter,
9 (RLIN) 115600
245 #0 - TITLE STATEMENT
Title Coaching, mentoring and organizational consultancy :
260 ## - PUBLICATION, DISTRIBUTION, ETC.
Place of publication, distribution, etc. Open University Press,
Name of publisher, distributor, etc. Maidenhead :
Date of publication, distribution, etc. 2013
300 ## - PHYSICAL DESCRIPTION
Extent xvi, 347 p. :
942 ## - ADDED ENTRY ELEMENTS (KOHA)
Koha item type Book
Holdings
Withdrawn status Lost status Damaged status Not for loan Permanent Location Current Location Date acquired Total Checkouts Full call number Barcode Date last seen Price effective from Koha item type
        US-Pakistan Center for Advanced Studies in Energy (USPCAS-E) US-Pakistan Center for Advanced Studies in Energy (USPCAS-E) 08/07/2019   658.3124 HAW CAS-E0003020 09/12/2023 09/12/2023 Book
© 2023 Central Library, National University of Sciences and Technology. All Rights Reserved.